Этилен жидкий и газообразный. Плотность, энтальтия и изобарная теплоемкость при температурах 130-450 К и давлениях 0,1-100 МПа; ГСССД 47-83

Библиографические подробности
Автор-организация: СССР Государственный комитет по стандартам (Госстандарт)
Язык:русский
Опубликовано: Москва, Изд-во стандартов, 1983
Издание:Изд. офиц.
Серии:Таблицы стандартных справочных данных
Предметы:
Формат: Книга
Запись в KOHA:https://koha.lib.tpu.ru/cgi-bin/koha/opac-detail.pl?biblionumber=137456

MARC

LEADER 00000nam0a2200000 4500
001 137456
005 20231031141049.0
029 0 0 |a RU  |b 47-83  |c ГСССД 
035 |a (RuTPU)RU\TPU\book\148973 
035 |a RU\TPU\book\148807 
090 |a 137456 
100 |a 20080512d1983 k a0rusy50 ca 
101 0 |a rus 
102 |a RU 
105 |a a l 000zy 
122 2 |a d2007121020  |a d2007121020 
200 1 |a Этилен жидкий и газообразный. Плотность, энтальтия и изобарная теплоемкость при температурах 130-450 К и давлениях 0,1-100 МПа  |a ГСССД 47-83  |f СССР, Государственный комитет по стандартам (Госстандарт) 
205 |a Изд. офиц. 
210 |a Москва  |c Изд-во стандартов  |d 1983 
215 |a 12 с.  |c ил. 
225 1 |a Таблицы стандартных справочных данных 
229 |a Утвержден Государственным комитетом СССР по стандартам 3 августа 1983 
610 1 |a ГСССД 
610 1 |a плотность 
610 1 |a энтропия 
610 1 |a изобарная теплоемкость 
610 1 |a энтальпия 
675 |a 547(083)  |v 3 
712 0 1 |a СССР  |b Государственный комитет по стандартам (Госстандарт)  |c (1978-1989)  |2 stltpush  |3 (RuTPU)RU\TPU\col\12454 
801 1 |a RU  |b 63413507  |c 20080507  |g PSBO 
801 2 |a RU  |b 63413507  |c 20221207  |g PSBO 
942 |c BK